[Event "España ch sub-18 2007"]
[Site "Granada ESP"]
[Date "2007.07.29"]
[Round "1.1"]
[White "Martinez Salas, Imanol"]
[Black "Lariño Nieto, David"]
[Result "0-1"]
[WhiteElo "1981"]
[BlackElo "2435"]
[PlyCount "62"]
[EventDate "2007.07.29"]
[EventType "swiss"]
[EventRounds "9"]
[EventCountry "ESP"]
[Source "lmi"]
[SourceDate "2007.07.29"]

1. c4 e5 2. Nc3 Nc6 3. g3 g6 4. Bg2 Bg7 5. e3 d6 6. Nge2 h5 7. h4 Be6 8. d3 Qd7
9. Nd5 Nd8 10. e4 c6 11. Ndc3 Ne7 12. b3 d5 13. exd5 cxd5 14. O-O Ndc6 15. Bb2
Rd8 16. a3 Bh3 17. Qc2 Bxg2 18. Kxg2 Qg4 19. Nxd5 Nxd5 20. cxd5 Rxd5 21. Rad1
O-O 22. Rfe1 Rfd8 23. Nc1 Nd4 24. Bxd4 Rxd4 25. Qe2 Qxe2 26. Rxe2 Rc8 27. Re4
Rd6 28. Rc4 Rxc4 29. bxc4 e4 30. f3 f5 31. Kf2 Bb2 0-1

[Event "España ch sub-18 2007"]
[Site "Granada ESP"]
[Date "2007.07.29"]
[Round "1.2"]
[White "Vila Gazquez, Xavier"]
[Black "Sanchez Ibern, Eric"]
[Result "1-0"]
[WhiteElo "2429"]
[BlackElo "1976"]
[PlyCount "59"]
[EventDate "2007.07.29"]
[EventType "swiss"]
[EventRounds "9"]
[EventCountry "ESP"]
[Source "lmi"]
[SourceDate "2007.07.29"]

1. e4 c5 2. Nf3 d6 3. d4 cxd4 4. Nxd4 Nf6 5. Nc3 Nc6 6. Bg5 e6 7. Qd2 Be7 8.
O-O-O Nxd4 9. Qxd4 O-O 10. f4 h6 11. Bh4 Qa5 12. Qd3 a6 13. g4 b5 14. Kb1 b4
15. Ne2 Bb7 16. Bg2 Qc7 17. g5 hxg5 18. Bxg5 Rac8 19. Rhg1 Rfd8 20. Nd4 d5 21.
e5 Ne4 22. Bxe7 Qxe7 23. Qe3 a5 24. f5 Nc3+ 25. bxc3 bxc3 26. f6 Qb4+ 27. Nb3
Rc4 28. Bf1 Rg4 29. Rxg4 Qxg4 30. Be2 1-0

[Event "España ch sub-18 2007"]
[Site "Granada ESP"]
[Date "2007.07.29"]
[Round "1.3"]
[White "Gallardo De La Torre, Yasmina"]
[Black "Llorente Zaro, Alfonso"]
[Result "0-1"]
[WhiteElo "1975"]
[BlackElo "2422"]
[PlyCount "42"]
[EventDate "2007.07.29"]
[EventType "swiss"]
[EventRounds "9"]
[EventCountry "ESP"]
[Source "lmi"]
[SourceDate "2007.07.29"]

1. e4 d6 2. g3 e5 3. Bg2 h5 4. d3 h4 5. Nc3 Nc6 6. Be3 Nf6 7. Bf3 Be7 8. Nd5
Nxd5 9. exd5 Nd4 10. Bxd4 exd4 11. Bg4 hxg3 12. fxg3 Bg5 13. Bxc8 Qxc8 14. Qf3
Qd7 15. Kf1 Be3 16. Re1 Kf8 17. Kg2 Rh6 18. Re2 Re8 19. h4 Rf6 20. Qh5 Kg8 21.
Nh3 g6 0-1

[Event "España ch sub-18 2007"]
[Site "Granada ESP"]
[Date "2007.07.29"]
[Round "1.4"]
[White "Huerga Leache, Mikel"]
[Black "Porras Dalmau, Daniel"]
[Result "1-0"]
[WhiteElo "2370"]
[BlackElo "1958"]
[PlyCount "69"]
[EventDate "2007.07.29"]
[EventType "swiss"]
[EventRounds "9"]
[EventCountry "ESP"]
[Source "lmi"]
[SourceDate "2007.07.29"]

1. c4 e6 2. g3 d5 3. Bg2 Nf6 4. Nf3 Nbd7 5. O-O Bd6 6. d4 c6 7. Qc2 O-O 8. Nbd2
e5 9. cxd5 cxd5 10. dxe5 Nxe5 11. Nxe5 Bxe5 12. Nf3 Bc7 13. Bg5 Bb6 14. Rfd1
Be6 15. Nd4 h6 16. Bf4 Qd7 17. b3 Rac8 18. Qb2 Bf5 19. Be5 Bd8 20. Rac1 Re8 21.
Nxf5 Qxf5 22. Rxc8 Qxc8 23. Bd4 a6 24. e3 Qe6 25. Rc1 Be7 26. Rc7 b5 27. Qc2
Rd8 28. Qc6 Qxc6 29. Rxc6 Rd6 30. Rc7 Bd8 31. Rc8 Kh7 32. Bh3 Bb6 33. Bf5+ g6
34. Be5 Rd8 35. Bxf6 1-0

[Event "España ch sub-18 2007"]
[Site "Granada ESP"]
[Date "2007.07.29"]
[Round "1.5"]
[White "Sanchez-Alarcos Galian, Victor"]
[Black "Valmaña Canto, Jaime"]
[Result "1-0"]
[WhiteElo "1958"]
[BlackElo "2346"]
[PlyCount "87"]
[EventDate "2007.07.29"]
[EventType "swiss"]
[EventRounds "9"]
[EventCountry "ESP"]
[Source "lmi"]
[SourceDate "2007.07.29"]

1. d4 g6 2. Nf3 Bg7 3. e4 d6 4. Nc3 Nf6 5. Be2 O-O 6. O-O Nbd7 7. h3 e5 8. dxe5
dxe5 9. Bc4 c6 10. Qd6 Ne8 11. Qd1 Qc7 12. a4 Nd6 13. Ba2 Nc5 14. Re1 Ne6 15.
Be3 Rd8 16. Qc1 Nd4 17. Nd2 Qe7 18. Ne2 Ne8 19. c3 Ne6 20. b4 Nf6 21. Qc2 Nh5
22. Nf3 Nef4 23. Nxf4 Nxf4 24. Bc4 Be6 25. Bf1 Qf6 26. Nd2 Bh6 27. Rad1 Qg5 28.
Kh2 Qh5 29. Nb3 b6 30. Nc1 f5 31. Ne2 fxe4 32. Ng3 Qh4 33. Qxe4 Qf6 34. c4 Bf5
35. Nxf5 gxf5 36. Qc2 Bg5 37. c5 bxc5 38. Qxc5 Rd5 39. Bc4 Kh8 40. Bxd5 Nxd5
41. Bxg5 Qxg5 42. Qxc6 Rg8 43. Qxd5 Qf4+ 44. Kg1 1-0

[Event "España ch sub-18 2007"]
[Site "Granada ESP"]
[Date "2007.07.29"]
[Round "1.6"]
[White "Aloma Vidal, Robert"]
[Black "Tamajon Castilla, Francisco Javier"]
[Result "1-0"]
[WhiteElo "2341"]
[BlackElo "1953"]
[PlyCount "49"]
[EventDate "2007.07.29"]
[EventType "swiss"]
[EventRounds "9"]
[EventCountry "ESP"]
[Source "lmi"]
[SourceDate "2007.07.29"]

1. d4 Nf6 2. Nf3 e6 3. c4 b6 4. g3 Bb7 5. Bg2 Be7 6. O-O O-O 7. d5 exd5 8. Nh4
c5 9. Nc3 Na6 10. cxd5 d6 11. e4 g6 12. f4 Nd7 13. Nf3 f6 14. h4 Re8 15. h5 Nf8
16. e5 fxe5 17. fxe5 dxe5 18. Nxe5 Bf6 19. Ng4 Bd4+ 20. Kh2 Be5 21. Bf4 Bxf4
22. Rxf4 Kh8 23. Rf7 Re7 24. Qf3 Bc8 25. Qf6+ 1-0

[Event "España ch sub-18 2007"]
[Site "Granada ESP"]
[Date "2007.07.29"]
[Round "1.7"]
[White "Riera Morilla, Elizabeth"]
[Black "Vallejo Diaz, Javier"]
[Result "1-0"]
[WhiteElo "1952"]
[BlackElo "2319"]
[PlyCount "53"]
[EventDate "2007.07.29"]
[EventType "swiss"]
[EventRounds "9"]
[EventCountry "ESP"]
[Source "lmi"]
[SourceDate "2007.07.29"]

1. e4 d5 2. exd5 Qxd5 3. Nc3 Qa5 4. d4 c6 5. Bc4 Nf6 6. Bd2 Qc7 7. Nf3 Bg4 8.
h3 Bxf3 9. Qxf3 e6 10. O-O-O Nbd7 11. Rhe1 Be7 12. g4 h6 13. h4 Nd5 14. Nxd5
cxd5 15. Bxd5 O-O 16. g5 Nb6 17. Bf4 Qd8 18. Bxb7 hxg5 19. hxg5 Bxg5 20. Bxa8
Qxa8 21. Qg3 Bxf4+ 22. Qxf4 Qd5 23. Kb1 Qb5 24. Rg1 f6 25. Qg4 Qd7 26. Rd3 Nd5
27. Rh3 1-0

[Event "España ch sub-18 2007"]
[Site "Granada ESP"]
[Date "2007.07.29"]
[Round "1.8"]
[White "Hernandez Leon, Alberto"]
[Black "Aboy Nieto, Pablo"]
[Result "1-0"]
[WhiteElo "2275"]
[BlackElo "1944"]
[PlyCount "49"]
[EventDate "2007.07.29"]
[EventType "swiss"]
[EventRounds "9"]
[EventCountry "ESP"]
[Source "lmi"]
[SourceDate "2007.07.29"]

1. e4 e6 2. d4 d5 3. Nc3 Bb4 4. e5 c5 5. Bd2 Bd7 6. Nb5 Bxd2+ 7. Qxd2 Bxb5 8.
Bxb5+ Nd7 9. f4 Rc8 10. Nf3 a6 11. Bd3 Ne7 12. O-O cxd4 13. Kh1 Nc5 14. Nxd4 g6
15. c3 Qb6 16. Rab1 Nc6 17. Bc2 O-O 18. f5 exf5 19. Nxf5 Ne6 20. Nh6+ Kh8 21.
Nxf7+ Rxf7 22. Rxf7 Nxe5 23. Rff1 d4 24. Bb3 Ng7 25. Qxd4 1-0

[Event "España ch sub-18 2007"]
[Site "Granada ESP"]
[Date "2007.07.29"]
[Round "1.9"]
[White "Martinez Rodriguez, Pablo"]
[Black "Rubio Mejia, Luis Ignacio"]
[Result "1/2-1/2"]
[WhiteElo "1942"]
[BlackElo "2270"]
[PlyCount "53"]
[EventDate "2007.07.29"]
[EventType "swiss"]
[EventRounds "9"]
[EventCountry "ESP"]
[Source "lmi"]
[SourceDate "2007.07.29"]

1. e4 c5 2. d4 cxd4 3. c3 dxc3 4. Nxc3 d6 5. Bc4 e6 6. Nf3 Nc6 7. O-O Nf6 8.
Qe2 Be7 9. Rd1 e5 10. h3 O-O 11. Be3 Be6 12. Bd5 Bxd5 13. Nxd5 Nxd5 14. Rxd5
Qc8 15. g4 Qe6 16. Rad1 Qg6 17. Nd2 Rac8 18. Qf3 a6 19. a3 b5 20. Nb1 Nb8 21.
Nc3 Nd7 22. Qg2 h6 23. R5d2 Rfe8 24. Nd5 Bf8 25. f3 Nf6 26. Nb6 Rb8 27. h4
1/2-1/2

[Event "España ch sub-18 2007"]
[Site "Granada ESP"]
[Date "2007.07.29"]
[Round "1.10"]
[White "Mestre Bellido, Hector"]
[Black "Eguia Cambero, Ignacio Javier"]
[Result "1-0"]
[WhiteElo "2269"]
[BlackElo "1938"]
[PlyCount "59"]
[EventDate "2007.07.29"]
[EventType "swiss"]
[EventRounds "9"]
[EventCountry "ESP"]
[Source "lmi"]
[SourceDate "2007.07.29"]

1. e4 c5 2. Nf3 Nc6 3. d4 cxd4 4. Nxd4 g6 5. Be3 Bg7 6. Nc3 Nf6 7. Be2 O-O 8.
Nb3 d6 9. O-O Bd7 10. f4 Rc8 11. Bf3 Qc7 12. Re1 Rfe8 13. Kh1 Rcd8 14. Nd5 Qc8
15. Bg1 Qb8 16. Qd2 Bc8 17. Rad1 e6 18. Nc3 Rd7 19. Bf2 Ne7 20. Nb5 a6 21. Nxd6
Red8 22. e5 Ne8 23. Nc5 Rc7 24. Nxe8 Rxd2 25. Rxd2 Kf8 26. Rd8 Nc6 27. Bxc6 Ke7
28. Bh4+ f6 29. exf6+ Kf7 30. Nd6# 1-0

[Event "España ch sub-18 2007"]
[Site "Granada ESP"]
[Date "2007.07.29"]
[Round "1.11"]
[White "Fernandez Molina, Victor Manuel"]
[Black "Remoli Sargues, Francisco"]
[Result "0-1"]
[WhiteElo "1936"]
[BlackElo "2267"]
[PlyCount "96"]
[EventDate "2007.07.29"]
[EventType "swiss"]
[EventRounds "9"]
[EventCountry "ESP"]
[Source "lmi"]
[SourceDate "2007.07.29"]

1. d4 Nf6 2. c4 e6 3. Nc3 Bb4 4. Qc2 O-O 5. Nf3 d5 6. Bg5 Nbd7 7. e3 c6 8. cxd5
exd5 9. Bd3 h6 10. Bh4 Qe8 11. O-O Bxc3 12. bxc3 Ne4 13. Bxe4 dxe4 14. Nd2 f5
15. f3 exf3 16. Rxf3 g5 17. Bg3 Nf6 18. Be5 Ng4 19. Nc4 Qe6 20. Qb3 Kh7 21. h3
Nxe5 22. Nxe5 Qxb3 23. axb3 Be6 24. c4 a5 25. Rf2 b5 26. Nxc6 bxc4 27. bxc4
Bxc4 28. Rxa5 Rxa5 29. Nxa5 Bd5 30. Rc2 f4 31. Rc7+ Kg6 32. Re7 Ra8 33. e4 Rxa5
34. exd5 Rxd5 35. Re6+ Kg7 36. Re4 Kf6 37. Kf2 Kf5 38. Kf3 h5 39. g4+ fxg3 40.
Re8 h4 41. Rf8+ Kg6 42. Ke3 Rxd4 43. Rg8+ Kf6 44. Rf8+ Kg7 45. Rf5 Kg6 46. Rf8
Rf4 47. Rg8+ Kh6 48. Rh8+ Kg7 0-1

[Event "España ch sub-18 2007"]
[Site "Granada ESP"]
[Date "2007.07.29"]
[Round "1.12"]
[White "Camacho Collados, Marcos"]
[Black "Garcia Prieto, Pablo"]
[Result "1-0"]
[WhiteElo "2239"]
[BlackElo "1936"]
[PlyCount "46"]
[EventDate "2007.07.29"]
[EventType "swiss"]
[EventRounds "9"]
[EventCountry "ESP"]
[Source "lmi"]
[SourceDate "2007.07.29"]

1. e4 c5 2. Nf3 d6 3. d4 cxd4 4. Nxd4 Nf6 5. Nc3 g6 6. f4 a6 7. Nf3 Qc7 8. Bd3
Bg7 9. O-O O-O 10. Qe1 Nc6 11. Qh4 Nb4 12. Kh1 Nxd3 13. cxd3 e6 14. f5 exf5 15.
Bg5 fxe4 16. dxe4 Nd7 17. Be7 Ne5 18. Nd5 Qd7 19. Bxf8 Kxf8 20. Nb6 Qe7 21.
Qxe7+ Kxe7 22. Nxa8 Be6 23. Nxe5 Bxe5 1-0

[Event "España ch sub-18 2007"]
[Site "Granada ESP"]
[Date "2007.07.29"]
[Round "1.13"]
[White "Jimenez Lupiañez, Laura"]
[Black "Dominguez Pons, Eric"]
[Result "1/2-1/2"]
[WhiteElo "1935"]
[BlackElo "2221"]
[PlyCount "88"]
[EventDate "2007.07.29"]
[EventType "swiss"]
[EventRounds "9"]
[EventCountry "ESP"]
[Source "lmi"]
[SourceDate "2007.07.29"]

1. d4 d5 2. c4 c6 3. cxd5 cxd5 4. Nc3 Nf6 5. Bf4 Qb6 6. Qd2 Nc6 7. e3 e6 8. a3
Nh5 9. Bg3 Nxg3 10. hxg3 Bd7 11. b4 Rc8 12. Rc1 Qd8 13. Bd3 h6 14. Qb2 Be7 15.
Nf3 O-O 16. g4 a6 17. Bb1 Bg5 18. Qc2 g6 19. Qe2 Kg7 20. Nxg5 hxg5 21. Qf3 Qe7
22. Kd2 b6 23. Rh3 Rh8 24. Rch1 a5 25. Rxh8 Rxh8 26. Rxh8 Kxh8 27. b5 Na7 28.
a4 Nc8 29. Qg3 Qd6 30. Qxd6 Nxd6 31. Ba2 Kg7 32. g3 f5 33. gxf5 gxf5 34. f4 Kg6
35. Ke2 Kh5 36. Kf3 Ne4 37. Nxe4 dxe4+ 38. Kf2 Kg6 39. Bb3 Kf6 40. Bc4 Bc8 41.
Bb3 gxf4 42. gxf4 Ke7 43. Kg3 Bb7 44. Kh4 Kf6 1/2-1/2

[Event "España ch sub-18 2007"]
[Site "Granada ESP"]
[Date "2007.07.29"]
[Round "1.14"]
[White "Fernandez Borrego, Pablo"]
[Black "Galvan Ruiz, Mario"]
[Result "1-0"]
[WhiteElo "2200"]
[BlackElo "1933"]
[PlyCount "59"]
[EventDate "2007.07.29"]
[EventType "swiss"]
[EventRounds "9"]
[EventCountry "ESP"]
[Source "lmi"]
[SourceDate "2007.07.29"]

1. c4 Nf6 2. Nc3 e6 3. Nf3 d5 4. cxd5 exd5 5. d4 Be7 6. g3 O-O 7. Bg2 b6 8. O-O
Bb7 9. Bf4 c5 10. Ne5 Nbd7 11. Rc1 Rc8 12. Qa4 Nxe5 13. dxe5 Bc6 14. Qd1 Ne4
15. Nxe4 dxe4 16. Qc2 f5 17. exf6 Bxf6 18. Bh3 Ra8 19. b4 Be7 20. Rcd1 Qe8 21.
Bd6 Rd8 22. bxc5 Bxd6 23. cxd6 Kh8 24. Rd4 e3 25. f3 Bxf3 26. Rh4 Bh5 27. d7
Rxf1+ 28. Kxf1 Qg6 29. Qxg6 Bxg6 30. Rc4 1-0

[Event "España ch sub-18 2007"]
[Site "Granada ESP"]
[Date "2007.07.29"]
[Round "1.15"]
[White "Damaso Tacoronte, Carolina"]
[Black "Senlle Caride, Miguel"]
[Result "0-1"]
[WhiteElo "1930"]
[BlackElo "2179"]
[PlyCount "38"]
[EventDate "2007.07.29"]
[EventType "swiss"]
[EventRounds "9"]
[EventCountry "ESP"]
[Source "lmi"]
[SourceDate "2007.07.29"]

1. e4 e5 2. Nf3 Nc6 3. Bc4 Nf6 4. Nc3 Nxe4 5. Nxe4 d5 6. Bxd5 Qxd5 7. d3 Bg4 8.
Be3 f5 9. Nc3 Qd7 10. Qe2 O-O-O 11. O-O-O Bb4 12. Bd2 Rhe8 13. h3 Nd4 14. Qe3
f4 15. Qe4 Bf5 16. Qe1 Nxc2 17. Kxc2 Qxd3+ 18. Kb3 a5 19. a3 Be6+ 0-1

[Event "España ch sub-18 2007"]
[Site "Granada ESP"]
[Date "2007.07.29"]
[Round "1.16"]
[White "Alarcia Astiz, Carlos"]
[Black "Rodriguez Perez, Angel Mariano"]
[Result "1/2-1/2"]
[WhiteElo "2173"]
[BlackElo "1929"]
[PlyCount "148"]
[EventDate "2007.07.29"]
[EventType "swiss"]
[EventRounds "9"]
[EventCountry "ESP"]
[Source "lmi"]
[SourceDate "2007.07.29"]

1. e4 d6 2. d4 g6 3. Nc3 Bg7 4. Bc4 Nf6 5. Nf3 O-O 6. Qe2 c6 7. a4 d5 8. Bb3
dxe4 9. Nxe4 Nxe4 10. Qxe4 Bf5 11. Qh4 Nd7 12. O-O e6 13. Bg5 f6 14. Bd2 g5 15.
Qg3 Qb8 16. Qxb8 Raxb8 17. h3 h5 18. Nh2 g4 19. Bf4 Rbd8 20. hxg4 hxg4 21. f3
gxf3 22. g4 Bg6 23. Bxe6+ Bf7 24. Bf5 Nb6 25. Nxf3 Nd5 26. Bd2 Ne7 27. Bd3 Rfe8
28. Rae1 Nd5 29. Rxe8+ Rxe8 30. Kf2 Be6 31. Re1 Nc7 32. Bf4 Nd5 33. Bd6 Bf8 34.
Bg6 Bxd6 35. Bxe8 Bxg4 36. Rg1 f5 37. Bd7 Nf4 38. Ke3 Nh3 39. Rg2 Kf8 40. Rxg4
fxg4 41. Bxg4 Nf4 42. c4 Ng6 43. c5 Bc7 44. Bc8 b6 45. Bd7 bxc5 46. dxc5 Ne7
47. Ng5 Bh2 48. Kd4 Ng6 49. Bxc6 Be5+ 50. Kc4 Bxb2 51. Kb5 Ke7 52. Ne4 Kd8 53.
Nd6 Kc7 54. Be4 Ne5 55. Nf5 Ba3 56. Ne3 a6+ 57. Kxa6 Bxc5 58. Nd5+ Kd6 59. Kb7
Nc4 60. Nc3 Bb4 61. Nd5 Be1 62. Ka6 Nb2 63. Kb5 Nxa4 64. Kxa4 Ke5 65. Bg2 Kd4
66. Kb5 Ke5 67. Kc4 Kd6 68. Nf4 Bf2 69. Nd3 Bg1 70. Bd5 Ba7 71. Nf4 Bg1 72. Ne2
Ba7 73. Ng3 Ke5 74. Ne4 Bg1 1/2-1/2

[Event "España ch sub-18 2007"]
[Site "Granada ESP"]
[Date "2007.07.29"]
[Round "1.17"]
[White "Terrones Launes, Mireia"]
[Black "Gonzalez Merino, Alberto"]
[Result "0-1"]
[WhiteElo "1925"]
[BlackElo "2172"]
[PlyCount "124"]
[EventDate "2007.07.29"]
[EventType "swiss"]
[EventRounds "9"]
[EventCountry "ESP"]
[Source "lmi"]
[SourceDate "2007.07.29"]

1. e4 e6 2. Qe2 c5 3. g3 Nc6 4. Nf3 Nf6 5. Bg2 d5 6. d3 d4 7. O-O a6 8. a4 b6
9. Bf4 Bb7 10. Na3 Be7 11. Rfe1 h6 12. h4 Nh7 13. Bd2 Qc7 14. Nh2 O-O-O 15. Nc4
Nf8 16. Bf4 e5 17. Bd2 Kb8 18. a5 b5 19. Nb6 Nb4 20. Rec1 Rd6 21. f4 f6 22. Qh5
g6 23. Qf3 Nd7 24. Bxb4 cxb4 25. Nd5 Bxd5 26. exd5 Rc8 27. f5 g5 28. h5 b3 29.
cxb3 Qxc1+ 30. Rxc1 Rxc1+ 31. Nf1 Nc5 32. b4 Nb7 33. Kh2 Rd7 34. d6 Bxd6 35.
Qd5 Rdc7 36. Qe6 R7c2 37. Kg1 Rxg2+ 38. Kxg2 Bxb4 39. Qxa6 Rc2+ 40. Kg1 Nd6 41.
Qb6+ Ka8 42. a6 e4 43. dxe4 d3 44. Qd8+ Ka7 45. Qxf6 Bc5+ 46. Kh1 Rf2 47. Qe7+
Kxa6 48. Kg1 Rxf5+ 49. Kg2 Rf2+ 50. Kh3 Rxf1 51. Qc7 Nb7 52. Qc6+ Bb6 53. Qd5
Rd1 54. b4 d2 55. e5 Be3 56. e6 g4+ 57. Kxg4 Re1 58. e7 Bg5 59. Qc6+ Ka7 60.
e8=Q d1=Q+ 61. Kf5 Rxe8 62. Qxe8 Nd6+ 0-1

[Event "España ch sub-18 2007"]
[Site "Granada ESP"]
[Date "2007.07.29"]
[Round "1.18"]
[White "Robles Garcia, Claudia"]
[Black "Gil Rodriguez, Isabel"]
[Result "1-0"]
[WhiteElo "2167"]
[BlackElo "1922"]
[PlyCount "143"]
[EventDate "2007.07.29"]
[EventType "swiss"]
[EventRounds "9"]
[EventCountry "ESP"]
[Source "lmi"]
[SourceDate "2007.07.29"]

1. e4 c5 2. Nf3 Nc6 3. d4 cxd4 4. Nxd4 g6 5. Nc3 Bg7 6. Be3 Nf6 7. Bc4 O-O 8.
Bb3 Qa5 9. f3 a6 10. Qd2 b5 11. O-O-O Bb7 12. Kb1 Rac8 13. h4 Rfe8 14. g4 Ne5
15. h5 Nc4 16. Bxc4 Rxc4 17. Nb3 Qc7 18. hxg6 fxg6 19. Bh6 Bh8 20. Bf4 d6 21.
Qh2 e5 22. Be3 Rc8 23. Rd2 Rxc3 24. bxc3 Qxc3 25. Rd3 Qc7 26. Qd2 Ne8 27. Rc1
Qf7 28. Bg5 Bf6 29. Bxf6 Qxf6 30. Na5 Qf7 31. Nxb7 Qxb7 32. Qb4 Rc4 33. Qb3 Kg7
34. Rc3 Rd4 35. Rh1 Qd7 36. Rd3 Rc4 37. Qb2 Qe6 38. Qc1 Kg8 39. Qg5 Ra4 40. Rb3
Rd4 41. Qd8 Rc4 42. Qb6 Qc8 43. Rh2 Rc6 44. Qe3 Rc5 45. Kb2 a5 46. Rc3 Rc4 47.
Qd3 Qb7 48. Rd2 Kg7 49. Rb3 Qc6 50. Qd5 Qc5 51. Qb7+ Kg8 52. Qxb5 Qxb5 53. Rxb5
a4 54. c3 Rc7 55. Rb4 Rf7 56. Rd3 h5 57. Rb8 Rf8 58. gxh5 gxh5 59. Rd2 Kh7 60.
Rh2 Kh6 61. Ka3 Rh8 62. Kxa4 Kg7 63. Ka5 Kf7 64. a4 Rh6 65. Rb7+ Kg6 66. Re7
Rh8 67. Kb6 Kf6 68. Rb7 Ng7 69. Rd7 Rb8+ 70. Ka7 Rc8 71. Rxd6+ Ke7 72. Rg6 1-0

[Event "España ch sub-18 2007"]
[Site "Granada ESP"]
[Date "2007.07.29"]
[Round "1.19"]
[White "Rodriguez Crespo, Eduardo"]
[Black "Guetas Sanchez, Hugo"]
[Result "1/2-1/2"]
[WhiteElo "1919"]
[BlackElo "2161"]
[PlyCount "140"]
[EventDate "2007.07.29"]
[EventType "swiss"]
[EventRounds "9"]
[EventCountry "ESP"]
[Source "lmi"]
[SourceDate "2007.07.29"]

1. e4 d5 2. exd5 Nf6 3. d4 Bg4 4. Nf3 Qxd5 5. Nc3 Qf5 6. Bd3 Bxf3 7. Bxf5 Bxd1
8. Kxd1 e6 9. Bd3 Nc6 10. Be3 O-O-O 11. Ne2 e5 12. c3 exd4 13. Nxd4 Ne5 14.
Bf5+ Kb8 15. Kc2 Nd5 16. Rhe1 g6 17. Be4 Nxe3+ 18. Rxe3 Bg7 19. Rd1 Ng4 20. Re2
f5 21. f3 Ne5 22. Bd3 Rhe8 23. Rde1 c5 24. Bb5 Re7 25. f4 cxd4 26. fxe5 h6 27.
Bd3 dxc3 28. bxc3 Rd5 29. e6 Rc5 30. c4 b5 31. Rb1 Kc7 32. Rb4 Kd6 33. Kb3 Be5
34. a4 bxa4+ 35. Kxa4 Kc6 36. Ra2 Rxe6 37. Kb3 a5 38. Rb5 Bc7 39. Be2 Re3+ 40.
Ka4 Rc3 41. Bf3+ Rxf3 42. Rxc5+ Kxc5 43. gxf3 Bd8 44. Kb3 Bc7 45. Rd2 Kc6 46.
h3 Bf4 47. Rd8 Be5 48. Ka4 Bc3 49. Ra8 Kc5 50. Kb3 Bd2 51. Rh8 h5 52. Rg8 Be1
53. Rxg6 a4+ 54. Kxa4 Kxc4 55. Rg5 f4 56. Rxh5 Kd4 57. Rh7 Kd3 58. Rd7+ Ke3 59.
Re7+ Kf2 60. Rxe1 Kxe1 61. h4 Kf2 62. h5 Kxf3 63. h6 Kg2 64. h7 f3 65. h8=Q f2
66. Qg7+ Kh2 67. Qe5+ Kg2 68. Qe4+ Kg1 69. Qg4+ Kh2 70. Qf3 Kg1 1/2-1/2

[Event "España ch sub-18 2007"]
[Site "Granada ESP"]
[Date "2007.07.29"]
[Round "1.20"]
[White "Serrano Bozada, Esteban"]
[Black "Ruiz De La Torre Perez, Cristina"]
[Result "1-0"]
[WhiteElo "2160"]
[BlackElo "1912"]
[PlyCount "127"]
[EventDate "2007.07.29"]
[EventType "swiss"]
[EventRounds "9"]
[EventCountry "ESP"]
[Source "lmi"]
[SourceDate "2007.07.29"]

1. e4 e5 2. d4 exd4 3. Qxd4 Nc6 4. Qe3 Nf6 5. Nc3 Bb4 6. Bd2 O-O 7. O-O-O Re8
8. Bc4 Na5 9. Bd3 d5 10. Qf4 Bd6 11. Qh4 Nxe4 12. Qxd8 Rxd8 13. Nxe4 dxe4 14.
Bxe4 Nc4 15. Bg5 Re8 16. Bd5 Nb6 17. Bf3 h6 18. Bd2 Rb8 19. b3 Bf5 20. Ne2 Bc5
21. Ng3 Bg6 22. Rhf1 c6 23. Bc3 Rbd8 24. Rxd8 Rxd8 25. Ne4 Ba3+ 26. Bb2 Bxb2+
27. Kxb2 Bxe4 28. Bxe4 Kf8 29. Kc1 Nd5 30. Rd1 Ke7 31. Bxd5 Rxd5 32. Rxd5 cxd5
33. Kd2 Kd6 34. Kd3 f5 35. f4 b6 36. Kd4 Ke6 37. a4 Kd6 38. b4 Ke6 39. c4 dxc4
40. Kxc4 Kd6 41. Kb5 Kc7 42. Ka6 Kb8 43. a5 bxa5 44. bxa5 g6 45. h4 Ka8 46. h5
gxh5 47. Kb5 Kb7 48. a6+ Kc7 49. Kc5 h4 50. Kd5 Kb6 51. Ke5 Kxa6 52. Kxf5 Kb6
53. Kg6 a5 54. f5 a4 55. f6 a3 56. f7 a2 57. f8=Q a1=Q 58. Qf2+ Kc7 59. Qxh4
Qc1 60. g4 Qf4 61. Qe7+ Kc6 62. Qf6+ Qxf6+ 63. Kxf6 Kd6 64. Kg6 1-0

[Event "España ch sub-18 2007"]
[Site "Granada ESP"]
[Date "2007.07.29"]
[Round "1.21"]
[White "Ordoñez Torres, Jesus"]
[Black "Martin Alvarez, Iñigo"]
[Result "0-1"]
[WhiteElo "1906"]
[BlackElo "2154"]
[PlyCount "52"]
[EventDate "2007.07.29"]
[EventType "swiss"]
[EventRounds "9"]
[EventCountry "ESP"]
[Source "lmi"]
[SourceDate "2007.07.29"]

1. e4 c5 2. Nf3 e6 3. d4 cxd4 4. Nxd4 a6 5. Nc3 Qc7 6. Bd3 Nf6 7. O-O d6 8. a4
b6 9. Be3 Bb7 10. f3 Nc6 11. Qe1 Be7 12. Qg3 h5 13. Rfd1 Ne5 14. Nb3 h4 15. Qf2
Nfd7 16. a5 Nxd3 17. Rxd3 b5 18. Bd4 Ne5 19. Rdd1 h3 20. g3 Rc8 21. Bb6 Qc4 22.
Rd4 Qc6 23. Rc1 Nc4 24. Nd1 Nxb6 25. axb6 Qxb6 26. Qd2 Bf6 0-1

[Event "España ch sub-18 2007"]
[Site "Granada ESP"]
[Date "2007.07.29"]
[Round "1.22"]
[White "Garcia-Ortega Mendez, Jose Manuel"]
[Black "Tirapo Larcuen, Ana"]
[Result "1-0"]
[WhiteElo "2151"]
[BlackElo "1900"]
[PlyCount "63"]
[EventDate "2007.07.29"]
[EventType "swiss"]
[EventRounds "9"]
[EventCountry "ESP"]
[Source "lmi"]
[SourceDate "2007.07.29"]

1. e4 d6 2. d4 Nf6 3. Nc3 g6 4. f3 c6 5. Be3 b5 6. Qd2 Nbd7 7. h4 Nb6 8. Nh3
Qc7 9. Nf4 Bb7 10. O-O-O a6 11. e5 b4 12. exf6 bxc3 13. Qxc3 e6 14. g4 O-O-O
15. Be2 Nd7 16. g5 e5 17. dxe5 Nxe5 18. Nd3 Nxd3+ 19. Qxd3 d5 20. Qd4 c5 21.
Qg4+ Kb8 22. Bf4 Bd6 23. Bxd6 Rxd6 24. h5 Bc8 25. Qf4 Rhd8 26. hxg6 hxg6 27.
Rh7 Qa5 28. Rxd5 Qc7 29. Rxd6 Rxd6 30. Bd3 Rd7 31. Qxc7+ Rxc7 32. Bxg6 1-0

[Event "España ch sub-18 2007"]
[Site "Granada ESP"]
[Date "2007.07.29"]
[Round "1.23"]
[White "Remoli Sargues, Lidia"]
[Black "Herrera Delgado, Alejandro"]
[Result "1-0"]
[WhiteElo "1894"]
[BlackElo "2150"]
[PlyCount "71"]
[EventDate "2007.07.29"]
[EventType "swiss"]
[EventRounds "9"]
[EventCountry "ESP"]
[Source "lmi"]
[SourceDate "2007.07.29"]

1. d4 d5 2. c4 Nc6 3. e3 e5 4. cxd5 Qxd5 5. Nc3 Bb4 6. a3 Bxc3+ 7. bxc3 Nf6 8.
Nf3 O-O 9. Be2 Re8 10. O-O Bf5 11. c4 Qd6 12. dxe5 Qxd1 13. Rxd1 Nxe5 14. Nd4
Bd7 15. Nb5 Bxb5 16. cxb5 Ne4 17. Bb2 Re7 18. Rac1 f6 19. a4 Nf7 20. Bc4 Ned6
21. Ba3 Re4 22. Bxd6 cxd6 23. Bxf7+ Kxf7 24. Rxd6 Rxa4 25. Rc7+ Kg6 26. g3 Rb4
27. Rxb7 Rc8 28. Rdd7 Rc2 29. Rxg7+ Kf5 30. Rbe7 h5 31. Kg2 h4 32. Kf3 hxg3 33.
hxg3 Rcc4 34. g4+ Rxg4 35. Rxg4 Rxg4 36. e4+ 1-0

[Event "España ch sub-18 2007"]
[Site "Granada ESP"]
[Date "2007.07.29"]
[Round "1.24"]
[White "Garcia Blanco, Omar"]
[Black "Rodriguez Lorenzo, Yadira"]
[Result "1-0"]
[WhiteElo "2148"]
[BlackElo "1893"]
[PlyCount "57"]
[EventDate "2007.07.29"]
[EventType "swiss"]
[EventRounds "9"]
[EventCountry "ESP"]
[Source "lmi"]
[SourceDate "2007.07.29"]

1. e4 c5 2. c3 d5 3. exd5 Qxd5 4. d4 Nf6 5. Nf3 Bg4 6. dxc5 Qxd1+ 7. Kxd1 e5 8.
b4 Nbd7 9. h3 Bh5 10. g4 Bg6 11. Nh4 O-O-O 12. Nxg6 hxg6 13. Kc2 Nxg4 14. Bg2
Nh6 15. Nd2 Be7 16. Nc4 f5 17. Re1 Nf7 18. Bd5 Ng5 19. Bxg5 Bxg5 20. Nd6+ Kc7
21. Nf7 Bf6 22. Rad1 Rxh3 23. Nxd8 Bxd8 24. Bf7 Nf8 25. Rxe5 Bf6 26. Re3 Rh2
27. Re8 Rxf2+ 28. Kb3 Nd7 29. Be6 1-0